Textbook of Public Health Dentistry (Record no. 37006)

MARC details
000 -LEADER
fixed length control field 00554nam a22001937a 4500
005 - DATE AND TIME OF LATEST TRANSACTION
control field 20250801122759.0
008 - FIXED-LENGTH DATA ELEMENTS--GENERAL INFORMATION
fixed length control field 250801b |||||||| |||| 00| 0 eng d
020 ## - INTERNATIONAL STANDARD BOOK NUMBER
ISBN 978-81-312-4663-4
082 ## - DEWEY DECIMAL CLASSIFICATION NUMBER
Classification number 617.6
Item number HIR-T
100 ## - MAIN ENTRY--AUTHOR
Author Name Hiremath, SS
245 ## - TITLE STATEMENT
Title Textbook of Public Health Dentistry
Statement of responsibility, etc. by Hiremath, SS
250 ## - EDITION STATEMENT
Edition statement 3rd ed.
260 ## - PUBLICATION, DISTRIBUTION, ETC.
Place of Publication India :
Name of publisher, distributor, etc. Elsevier Health Sciences ;
Date of publication, distribution, etc. 2016 .
300 ## - PHYSICAL DESCRIPTION
Pages viii , 520 p. :
500 ## - GENERAL NOTE
General note Printed in Pakistan.
650 ## - SUBJECT ADDED ENTRY--TOPICAL TERM
Subject / Department Medical / Dentistry
700 ## - ADDED ENTRY--PERSONAL NAME
Personal name Hiremath, SS
300 ## - PHYSICAL DESCRIPTION
-- ill ;
-- 28 cm.
952 ## - LOCATION AND ITEM INFORMATION (KOHA)
-- 0
-- 0
-- 6500.00
952 ## - LOCATION AND ITEM INFORMATION (KOHA)
-- 0
-- 0
-- 6500.00
952 ## - LOCATION AND ITEM INFORMATION (KOHA)
-- 0
-- 0
-- 6500.00
Holdings
Lost status Damaged status Permanent Location Current Location Shelving Location Date acquired Source of acquisition Full Call Number Accession No./Barcode Date last seen Copy number item type Koha item type
    Superior Information Resource Center (SIRC) Superior University- Main Campus Superior Information Resource Center (SIRC) Superior University- Main Campus BDS-Dentistry 08/01/2025 Imperial book company 617.6 HIR-T 2016 20198 08/01/2025 1 BOOK BOOK
    Superior Information Resource Center (SIRC) Superior University- Main Campus Superior Information Resource Center (SIRC) Superior University- Main Campus BDS-Dentistry 08/01/2025 Imperial book company 617.6 HIR-T 2016 20199 08/01/2025 2 BOOK BOOK
    Superior Information Resource Center (SIRC) Superior University- Main Campus Superior Information Resource Center (SIRC) Superior University- Main Campus BDS-Dentistry 08/01/2025 Imperial book company 617.6 HIR-T 2016 20200 08/01/2025 3 BOOK BOOK

Powered by Koha